000 01178nam a22003257a 4500
003 CHAP
005 20220329143514.0
008 100305s? mx a r 00010 spa d
010 _a97685
011 _a98657
035 _a109342
040 _cCHAP
090 _aFolleto 17584
110 2 _aGrupo Interdisciplinario de Investigación en Sechium edule en México
_950889
245 1 3 _aEl chayote :
_bun cultivo socialmente responsable
_c/por Grupo Interdisciplinario de Investigación en Sechium edule en México
260 _a[México, D.F.] :
_bGISeM,
_c[s.a.]
300 _a16 p. :
_bilus., cuadros, gráfs.
590 _aBATCH-UPD
_b10
_c20130110
_lUCH01
_h0856
590 _aBATCH-UPD
_b10
_c20130410
_lUCH01
_h0527
590 _aBATCH-UPD
_b10
_c20130914
_lUCH01
_h0920
590 _aCONVERSION
_b10
_c20130109
_lUCH01
_h1354
650 1 4 _aChayote
_xFisiología y morfología.
_922085
650 1 4 _aChayote
_xGenética.
_922086
650 1 4 _aChayote
_xMercadeo.
_922087
650 1 4 _aChayote
_xRendimiento.
_922089
650 1 4 _aChayote
_xTecnología postcosecha.
_922090
901 _aBK
942 _cFOLL
949 _aFolleto 17584
_bBC
_cFOLL
_d33724002114413
_eTS1
_i109342
_sb
999 _c97685
_d97685